Central Library OPAC University of Rajshahi

The fortunate islands : (Record no. 24286)

MARC details
000 -LEADER
fixed length control field 00713nam a2200217 4500
001 - CONTROL NUMBER
control field 24286
003 - CONTROL NUMBER IDENTIFIER
rucl marc code BD-RjUL
005 - DATE AND TIME OF LATEST TRANSACTION
control field 20211209001030.0
008 - FIXED-LENGTH DATA ELEMENTS--GENERAL INFORMATION
fixed length control field 140313s1948 nyuabc 00000 eng d
035 ## - SYSTEM CONTROL NUMBER
System control number (BD-RjUL)24352
040 ## - CATALOGING SOURCE
Original cataloging agency Xerox
Language of cataloging eng
Transcribing agency Xerox
Modifying agency BD-RjUL
041 ## - LANGUAGE CODE
Language code of text/sound track or separate title eng
082 00 - DEWEY DECIMAL CLASSIFICATION NUMBER
Classification number 919.65
Author mark and year KAF 1948
100 1# - MAIN ENTRY--PERSONAL NAME
Personal name Karig, Walter,
Dates associated with a name 1898-
9 (RLIN) 74804
245 14 - TITLE STATEMENT
Title The fortunate islands :
Remainder of title a Pacific interlude, an account of the pleasant lands and people in the United States' Trust Territory of the Pacific /
Statement of responsibility, etc. Walter Karig.
260 ## - PUBLICATION, DISTRIBUTION, ETC. (IMPRINT)
Place of publication, distribution, etc. New York :
Name of publisher, distributor, etc. Rinehart,
Date of publication, distribution, etc. c1948.
300 ## - PHYSICAL DESCRIPTION
Pagination 226 p. :
Illustrations illus., ports., map. ;
Size 25 cm.
651 #0 - SUBJECT ADDED ENTRY--GEOGRAPHIC NAME
Geographic name Micronesia.
9 (RLIN) 72646
942 ## - ADDED ENTRY ELEMENTS (KOHA)
Source of classification or shelving scheme Dewey Decimal Classification
Koha item type Books
Holdings
Lost status Source of classification or shelving scheme Damaged status Not for loan Permanent Location Current Location Shelving location Date acquired Source of acquisition Cost, normal purchase price Total Checkouts Full call number Date last seen Copy number Koha item type
  Dewey Decimal Classification   Added to bundle Central Library, University of Rajshahi Central Library, University of Rajshahi Reading Room 01/03/1958 U.S.I.S Dhaka 0.00   919.65 KAF 1948 13/03/2014 C-1 Books